Power system analysis: (Record no. 158181)

MARC details
000 -LEADER
fixed length control field 00610nam a22001937a 4500
005 - DATE AND TIME OF LATEST TRANSACTION
control field 20181020105105.0
010 ## - LCCN (DPL NO)
LC control number ENG-124334
020 ## - INTERNATIONAL STANDARD BOOK NUMBER
International Standard Book Number 9789332584662
Terms of availability 599.00
035 ## - SYSTEM CONTROL NUMBER
System control number EN-107866
037 ## - SOURCE OF ACQUISITION
Source of stock number/acquisition DBAD/PUB
082 ## - DEWEY DECIMAL CLASSIFICATION NUMBER
Classification number 621.31
100 ## - MAIN ENTRY--PERSONAL NAME
Personal name Shubhanga, K.N.
245 ## - TITLE STATEMENT
Title Power system analysis:
Statement of responsibility, etc by K.N. Shubhanga
Remainder of title a dynamic perspective /
260 ## - PUBLICATION, DISTRIBUTION, ETC. (IMPRINT)
Place of publication, distribution, etc Noida
Name of publisher, distributor, etc Pearson
Date of publication, distribution, etc 2018
270 ## - ADDRESS
Address 15th Floor, Tower B, Worls Trade Tower, Plot No.1, Block -C
City Noida (UP)
Postal code 201301
300 ## - PHYSICAL DESCRIPTION
Extent xxii,784p.
Dimensions 26cm.(pbk)
Other physical details ill.
500 ## - GENERAL NOTE
General note It includes index
942 ## - ADDED ENTRY ELEMENTS (KOHA)
Source of classification or shelving scheme Dewey Decimal Classification
Item type English Books
Classification part 621.31
Call number suffix SHU
Holdings
Withdrawn status Lost status Not for loan Collection code Home library Current library Date acquired Source of acquisition Cost, normal purchase price Full call number Barcode Copy number Cost, replacement price Koha item type
    Not For Loan Non-fiction D.B.Act.Division Bawana 20/10/2018 DBAD/PUB 599.00 621.31 SHU EN-107866 1 599.00 English Books

© Delhi Public Library
Hit Counter
free hit counter